The economic value of parkia speciosa (petai) in Peninsular Malaysia

Bibliographic Details
Main Author: WOON
Other Authors: Malaysia , Forestry Department, Poh
Format: Book
Published: Kuala Lumpur : Forestry Department Peninsular Malaysia , 1998
Subjects:

MARC

LEADER 00000cam a2200000 7i4500
001 0000000300
005 20011204.0
020 0 0 |a 9839269046 
090 0 0 |a 634.987   |b WOO 1998 
100 1 0 |a WOON   |h Weng Chuen 
245 1 4 |a The economic value of parkia speciosa (petai) in Peninsular Malaysia   |c Woon Weng Chuen & Poh Lye Yong 
260 0 0 |a Kuala Lumpur :   |b Forestry Department Peninsular Malaysia ,   |c 1998 
300 |a x, 78 p. :   |b col. ill., maps ;   |c 21 cm. 
500 0 0 |a Bibliography: [p. 74-76] and index 
650 0 0 |a Economics valuation - Parkia speciosa 
650 0 0 |a Forests and forestry   |z Malaysia 
650 0 0 |a Non-timber forest products   |z Malaysia 
650 0 0 |a Parkia speciosa 
700 0 1 |a Malaysia ,   |c Forestry Department 
700 0 1 |a Poh   |h Lye Yong 
998 |a JPSM 
999 |a 0000001404   |b Monograph   |c Open Shelf   |e Default branch 
999 |a 0000001405   |b Monograph   |c Reference   |e Default branch 
999 |a 0000005982   |b Monograph   |c Open Shelf   |e Default branch